000 00393pab a2200157 454500
008 180718b1997 xxu||||| |||| 00| 0 eng d
100 _aGapasin, Fernando
245 _aOrganizing the unorganized: will promises become practices?
260 _c1997
300 _ap.46-62
362 _aJul-Aug
650 _aLabour
700 _aYates, Michael
773 _aMonthly Review
909 _a35689
999 _c35689
_d35689